LEADER 01051nam a2200265 u 4500 001 000000032090 003 CaOOAMICUS 005 20070226112220.0 008 971014s1965 it a u000 u ita u 035 $a10772643 040 $aPUL(R)$bita 100 1 $aQuarantini, Marco.$0(OLS)http://pul/name/25066 245 13$aIl santo d'Israele :$ble profezie messianiche /$cMarco Quarantini. 260 $aTreviso :$bEd. Trevigiana,$c1965. 300 $a84 p., [12] c. di tav. :$bill. ;$c20 cm 490 1 $aVerba vitae 504 $a"Bibliografia" : p. 81. 710 2 $aAssociazione biblica italiana.$0(OLS)http://pul/name/5240 830 0$aVerba vitae.$0(OLS)http://pul/title/41230 850 $aPUL 852 $aPUL$W1$xSL Religione 1$y3$m10 H 36$j44328$nBK-PRI$b $qStampati$B44328$CPULBib$Z2$F44328 $H $81 941 1 $a8 961 $aINV: 29041. 996 $6245$aIl santo d'Israele :$ble profezie messianiche$9(OLS)http://pul/title/44185 996 $6260$aTreviso :$bEd. Trevigiana$9(OLS)http://pul/publisher/61290 LEADER 01720nam a2200325 u 4500 001 000000051520 003 CaOOAMICUS 005 20070226115339.0 008 000918s1991 it u000 u ita u 020 $a8834337352 035 $a10855860 040 $aPUL(R)$bita 111 2 $aConvegno di studio su Filippo Meda$d(1989 :$cMilano).$0(OLS)http://pul/name/37013 245 10$aFilippo Meda tra economia, società e politica :$brelazioni del convegno di studio (Milano, 14-15 dicembre 1989) /$cpromosso dall'Archivio per la storia del movimento sociale cattolico in Italia, con una bibliografia degli scritti di Filippo Meda ; a cura di Guido Formigoni ; contributi di: Mario Belardinelli ... [et al.]. 260 $aMilano :$bVita e pensiero,$c1991. 300 $a350 p. ;$c23 cm 490 1 $aLe Api 500 $aInclude indici. 504 $aBibliografia: p. [277]-342. 600 14$aMeda, Filippo,$c1869-1939.$0(OLS)http://pul/subject/21663 700 1 $aBelardinelli, Mario,$d1940-$0(OLS)http://pul/name/4268 700 1 $aFormigoni, Guido.$0(OLS)http://pul/name/145 710 2 $aArchivio per la storia del movimento sociale cattolico in Italia.$0(OLS)http://pul/name/37014 830 3$aLe Api.$0(OLS)http://pul/title/7487 850 $aPUL 852 $aPUL$W1$xDP1 Fondo Maccarrone$y58$m1523 G 26$j68217$nBK-PRI$b $qFondi$B68217$CPULBib$Z2$F68217 $H $81 941 1 $a1 996 $6020$a8834337352$9(OLS)http://pul/number/65191 996 $6245$aFilippo Meda tra economia, società e politica :$brelazioni del convegno di studio (Milano, 14-15 dicembre 1989)$9(OLS)http://pul/title/69231 996 $6260$aMilano :$bVita e pensiero$9(OLS)http://pul/publisher/48016